The kingfisher Geography encyclopedia / (Record no. 79160)

MARC details
000 -LEADER
fixed length control field 00727nam a22002057a 4500
005 - DATE AND TIME OF LATEST TRANSACTION
control field 20131220125413.0
010 ## - LCCN (DPL NO)
LC control number B-522250-256
020 ## - INTERNATIONAL STANDARD BOOK NUMBER
International Standard Book Number 9780753430750
Terms of availability 999.00
035 ## - SYSTEM CONTROL NUMBER
System control number B-522250-256
037 ## - SOURCE OF ACQUISITION
Source of stock number/acquisition BBB/Ven.
Stock number dpl
082 ## - DEWEY DECIMAL CLASSIFICATION NUMBER
Classification number 910.3
100 ## - MAIN ENTRY--PERSONAL NAME
Personal name Gifford, Clive
245 ## - TITLE STATEMENT
Title The kingfisher Geography encyclopedia /
Statement of responsibility, etc by Clive Gifford
260 ## - PUBLICATION, DISTRIBUTION, ETC. (IMPRINT)
Place of publication, distribution, etc London
Name of publisher, distributor, etc Kingfisher an imprint of Macmillan Publication
Date of publication, distribution, etc 2011
270 ## - ADDRESS
Address 20 New Wharf Road
City New Delhi
300 ## - PHYSICAL DESCRIPTION
Extent 488p. :
Dimensions 28cm(Hb)
Other physical details col.ill.
500 ## - GENERAL NOTE
General note Includes bibliographical references and index
942 ## - ADDED ENTRY ELEMENTS (KOHA)
Source of classification or shelving scheme Dewey Decimal Classification
Item type Children Books
Call number suffix KIN
Classification part 910.3
Holdings
Withdrawn status Lost status Not for loan Collection code Home library Current library Date acquired Source of acquisition Cost, normal purchase price Full call number Barcode Copy number Cost, replacement price Koha item type
    Not For Loan Reference Central Library Central Library 20/12/2013 BBB/IN10452/28.03.2013/202/20.03.2013/28.03.2013 999.00 910.3 KIN B-522250 1 999.00 Children Books
    Not For Loan Reference Janak Puri Janak Puri 20/12/2013 BBB/IN10452/28.03.2013/202/20.03.2013/28.03.2013 999.00 910.3 KIN B-522254 1 999.00 Children Books
    Not For Loan Reference Karol Bagh Karol Bagh 20/12/2013 BBB/IN10452/28.03.2013/202/20.03.2013/28.03.2013 999.00 910.3 KIN B-522255 1 999.00 Children Books
    Not For Loan Reference Kasturba Gandhi Marg Kasturba Gandhi Marg 20/12/2013 BBB/IN10452/28.03.2013/202/20.03.2013/28.03.2013 999.00 910.3 KIN B-522252 1 999.00 Children Books
    Not For Loan Reference Narela Narela 20/12/2013 BBB/IN10452/28.03.2013/202/20.03.2013/28.03.2013 999.00 910.3 KIN B-522256 1 999.00 Children Books
    Not For Loan Reference Patel Nagar Patel Nagar 20/12/2013 BBB/IN10452/28.03.2013/202/20.03.2013/28.03.2013 999.00 910.3 KIN B-522251 1 999.00 Children Books
    Not For Loan Reference Peshwa Road Peshwa Road 20/12/2013 BBB/IN10452/28.03.2013/202/20.03.2013/28.03.2013 999.00 910.3 KIN B-522253 1 999.00 Children Books

© Delhi Public Library
Hit Counter
free hit counter